[Event "IND-chB 45th"]
[Site "Dindigul"]
[Date "2007.06.12"]
[Round "2"]
[White "Sethuraman, SP."]
[Black "Chougale, Jayankar Prabhakar"]
[Result "1-0"]
[WhiteElo "2332"]
[BlackElo "2154"]
[PlyCount "93"]
[EventDate "2007.06.11"]
[EventType "swiss"]
[EventRounds "12"]
[EventCountry "IND"]
[SourceTitle "CBM 119 Extra"]
[Source "ChessBase"]
[SourceDate "2007.09.04"]
[SourceVersion "1"]
[SourceVersionDate "2007.09.04"]
[SourceQuality "1"]

1. e4 c5 2. Nf3 d6 3. Bb5+ Bd7 4. Bxd7+ Qxd7 5. 0-0 Nc6 6. c3 d5 7. exd5 Qxd5 8. d4 e6 9. Qe2 Nf6 10. c4 Nxd4 11. Nxd4 Qxd4 12. Nc3 Be7 13. Rd1 Qh4 14. Qf3 0-0 15. Bf4 b6 16. Nb5 a6 17. Nd6 Qg4 18. Qe3 Nh5 19. Be5 f6 20. h3 Qg6 21. Bh2 e5 22. Qf3 Kh8 23. Nf5 Ra7 24. g4 Qg5 25. h4 Qg6 26. Kf1 Nf4 27. Bxf4 exf4 28. Qxf4 Qf7 29. Rd5 g6 30. Ne3 Bd8 31. Qb8 Rb7 32. Qc8 Rc7 33. Qxa6 Re7 34. Rad1 Bc7 35. Qb5 Bf4 36. Ng2 Bc7 37. Rd7 Rfe8 38. Ne3 Qe6 39. Rxe7 Rxe7 40. Qa6 Kg7 41. Re1 Qe4 42. Nf5+ gxf5 43. Rxe4 fxe4 44. Qc8 Kf7 45. b3 Kg7 46. Ke2 Kf7 47. g5 1-0